Thơ tình

Đã lưu trong:
Bibliografiske detaljer
Hovedforfatter: Xuân Quỳnh
Format: Bog
Sprog:Vietnamese
Udgivet: H. Văn học 2002
Fag:
Tags: Tilføj Tag
Ingen Tags, Vær først til at tagge denne postø!
Thư viện lưu trữ: Mạng thư viện Đại học Đà Nẵng
LEADER 01053nam a22003738a 4500
001 000005535
003 1680
005 20120409100407.0
008 110817s2002 b 000 0 od
020 |c 26000đ  |d 1000b 
041 0 |a dkt 
041 0 |a 0207 
041 0 |a tch 
041 0 |a vie 
080 |a V21 
082 |a 895.9221  |b XU-Q 
084 |a V6(1)7-5  |b TH460T 
100 1 |a Xuân Quỳnh 
245 1 0 |a Thơ tình  |c Xuân Quỳnh 
260 |a H.  |b Văn học  |c 2002 
300 |a 270tr  |c 19cm 
653 |a Văn học hiện đại 
653 |a Thơ 
653 |a Việt Nam 
OWN |a LSP 
AVA |a UDN50  |b LSP  |d 895.9221 XU-Q  |e available  |t Error 5001 Not defined in file expand_doc_bib_avail.  |f 4  |g 0  |h N  |i 0  |k 1 
999 |a From the UDN01 
AVA |a UDN50  |b LSP  |d 895.9221 XU-Q  |e available  |t Error 5001 Not defined in file expand_doc_bib_avail.  |f 4  |g 0  |h N  |i 0  |k 1 
TYP |a Monograph 
TYP |a Printed language 
980 |a Mạng thư viện Đại học Đà Nẵng